| 000 | 00798nam a2200313 c 4500 | ||
|---|---|---|---|
| 001 | |||
| 003 | DO-SdBNP | ||
| 005 | 20170118142509.0 | ||
| 008 | 130510s2000 sp a | |||| 000 1 baq | ||
| 015 | _a | ||
| 017 |
_a _b |
||
| 020 | _a 8437221862 | ||
| 035 | _a(OCoLC) | ||
| 040 |
_aBPMSU _bspa _cBPMSU _e |
||
| 041 | 1 |
_a _h |
|
| 080 | _a | ||
| 100 | 1 | _aMckee, David | |
| 240 | 1 | 0 |
_aElmer _lEspañol |
| 245 | 1 | 0 |
_aElmer / _cDavid McKee ; itzulpena, Aiora Jaka Irizar ; traducción María Punsel |
| 260 |
_aMadrid : _bAltea, _c2000 |
||
| 300 |
_a[40] p. : _bil. ; _c24 cm |
||
| 336 |
_a _a _2 |
||
| 337 |
_a _2 |
||
| 490 | 0 | _aKlis-klasikoak | |
| 700 | 1 | _aJaka Irizar, Aiora | |
| 700 | 1 |
_aPunsel, María _etr. |
|
| 942 |
_2ddc _cBK |
||
| 956 |
_a VMATEO _b10 _c20170118 _dBPMSU |
||
| 999 |
_c12520 _d12520 |
||